IFRS 17 – zmena medzinárodného štandardu finančného výkazníctva IFRS 4 pre poisťovne diplomová práca

Na minha lista:
Detalhes bibliográficos
Autor principal: Krajčo, Šimon
Autor Corporativo: Fakulta hospodárskej informatiky EU. Katedra matematiky a aktuárstva
Outros Autores: Bilíková, Mária, 1951-
Formato: Livro
Idioma:eslovaco
Publicado em: Bratislava 2018
Tags: Adicionar Tag
Sem tags, seja o primeiro a adicionar uma tag!

MARC

LEADER 00000nbm a2200000 4500
001 0243475
005 20180925081005.1
041 0 |a slo 
044 |a SK 
245 1 0 |a IFRS 17 – zmena medzinárodného štandardu finančného výkazníctva IFRS 4 pre poisťovne  |b diplomová práca  |c Šimon Krajčo ; školiteľ: Mária Bilíková 
264 1 |a Bratislava  |c 2018 
300 |a 71 s. 
100 1 |a Krajčo, Šimon 
700 1 |a Bilíková, Mária, 1951- 
710 2 |a Fakulta hospodárskej informatiky EU. Katedra matematiky a aktuárstva